MARC

LEADER 00000nab a2200000 a 4500
001 vtls000358002
003 SK-MaSNL
005 20260303185005.0
008 111201c1989 xo 0 slo
015 |a SNBRB19rr/mm-uuuuu 
035 |a CL0358124 
040 |a SNKBUCL  |b slo  |c SNKBUCL  |e AACR2 
041 0 |a slo 
044 |a xo  |c SK 
080 |a 882-1(087.5)  |2 1981 
100 1 |a Zubkovová, L.  |4 aut  |9 1003684 
245 1 0 |a Ozvena  |c L. Zubkovová ; L. Zubkova, Marián Heveši, Agneša Bakardžieva 
650 0 7 |a básne humoristické  |2 snkbucl  |9 893934 
655 7 |a články z novín a časopisov  |2 snkbucl  |9 267496 
655 7 |a články z odboru literárna veda a krásna literatúra  |2 snkbucl  |9 770045 
700 1 |a Zubkova, L.  |4 aut  |9 1215685 
700 1 |a Heveši, Marián,  |d 1947-  |4 trl  |9 104700 
700 1 |a Bakardžieva-Hložníková, Agneša,  |d 1942-  |4 gup  |9 159044 
773 0 |t Zornička  |g Roč. 41, č. 24 (1989), s. /22/ 
850 |a Slovenská národná knižnica v Martine  |a MTA001 
852 |a SNK  |b KIS3GCP 
958 |a RK 
958 |a LX 
958 |a SU 
992 |a RBX 
999 |c 2129239  |d 2131169